000 01247cam a22002777i 4500
008 180822s2018 paua 000 0 eng d
020 _a9780323531030
020 _a0323531032
050 0 0 _aR697.P45
_bB663 2018
082 0 0 _a610.73/72069
100 1 _aBonewit-West, Kathy,
245 1 0 _aStudy guide :
_bClinical procedures for medical assistants /
_cKathy Bonewit-West, BS, MEd, Coordinator and Instructor, Medical Assistant Technology, Hocking College, Nelsonville, Ohio, former member, Curriculum Review Board of the American Association of Medical Assistants.
250 _aTenth edition.
260 _aSt.Louis
_bElsevier Ltd
_c2018
300 _axviii, 918 pages :
_billustrations ;
500 _aCompanion to: Clinical procedures for medical assistants / Kathy Bonewit-West, 10th edition.
500 _aISBN is same for Clinical procedures for medical assistants / Kathy Bonewit-West, 10th edition.
650 0 _aPhysicians' assistants.
650 0 _aClinical medicine
_vProblems, exercises, etc.
650 0 _aClinical medicine
_xExaminations
_vStudy guides.
650 7 _aClinical medicine.
650 7 _aClinical medicine
_xExaminations.
650 7 _aPhysicians' assistants.
700 1 _aBonewit-West, Kathy
942 _cBK
999 _c2371
_d2371